Last flag flying /

Thirty years after they served together in Vietnam, a former Navy Corpsman Larry "Doc" Shepherd re-unites with his old buddies, former Marines Sal Nealon and Reverend Richard Mueller, to bury his son, a young Marine killed in the Iraq War.

Bibliographic Details
Other Authors: Linklater, Richard, 1960- (Screenwriter), Ponicsan, Darryl (Screenwriter), Carell, Steve, 1962- (Actor), Cranston, Bryan, 1956- (Actor), Fishburne, Laurence, III, 1961- (Actor), Vazquez, Yul (Actor), Johnson, J. Quinton (Actor), Reed-Foster, Deanna (Actor), Tyson, Cicely (Actor)
Format: Video DVD
Language:English
Language Notes:In English; Spanish subtitles; English subtitles for the deaf and hard-of-hearing (SDH).
Published: Santa Monica, CA : Lions Gate Entertainment, [2018]
Subjects:

MARC

Tag First Indicator Second Indicator Subfields
LEADER 00000cgm a2200000Ii 4500
001 in00003965532
005 20210612063316.0
007 vd cvaizq
008 171219p20182017cau125 e vleng d
035 |a (OCoLC)on1015908955 
040 |a TEFMT  |b eng  |e rda  |c TEFMT  |d TEF  |d OCLCF  |d PX0  |d INO  |d KYC  |d TXA 
024 1 |a 031398277217 
028 4 2 |a 53726  |b Lionsgate 
037 |b Midwest Tape  |n http://www.midwesttapes.com 
041 1 |a eng  |j eng  |j spa  |h eng 
050 4 |a PN1997.2  |b .L37 2018 
082 0 4 |a 791.43/72  |2 23 
090 |a PN1997.2  |b .L3715 2018 
049 |a TXAM 
245 0 0 |a Last flag flying /  |c directed by Richard Linklater ; screenplay by Richard Linklater & Darryl Ponicsan ; produced by Ginger Sledge, Richard Linklater, John Sloss ; a Detour Filmproduction ; a Zenzero Pictures/Cinetic Media production ; an Amazon Studios presentation ; a Richard Linklater film. 
257 |a United States  |2 naf 
264 1 |a Santa Monica, CA :  |b Lions Gate Entertainment,  |c [2018] 
300 |a 1 videodisc (approximately 125 minutes) :  |b sound, color ;  |c 4 3/4 in. 
306 |a 020500 
336 |a two-dimensional moving image  |b tdi  |2 rdacontent 
337 |a video  |b v  |2 rdamedia 
338 |a videodisc  |b vd  |2 rdacarrier 
340 |b 4 3/4 in.  |2 rda 
344 |a digital  |b optical  |g surround  |h Dolby Digital 5.1  |2 rda 
345 |a widescreen (1.85:1)  |2 rda 
346 |b NTSC  |2 rda 
347 |a video file  |b DVD video  |e region 1  |2 rda 
380 |a Motion pictures  |2 lcgft 
538 |a DVD, NTSC region 1, widescreen (1.85:1) presentation; Dolby Digital 5.1. 
546 |a In English; Spanish subtitles; English subtitles for the deaf and hard-of-hearing (SDH). 
511 1 |a Steve Carell, Bryan Cranston, Laurence Fishburne, Yul Vazquez, J. Quinton Johnson, Deanna Reed-Foster, Cicely Tyson. 
508 |a Director of photography, Shane Kelly ; editor, Sandra Adair ; music, Graham Reynolds. 
500 |a Originally released as a motion picture in 2017. 
500 |a Based on the novel by Darryl Ponicsan. 
500 |a Wide screen (1.85:1). 
521 8 |a MPAA rating: R; language throughout including some sexual references. 
520 |a Thirty years after they served together in Vietnam, a former Navy Corpsman Larry "Doc" Shepherd re-unites with his old buddies, former Marines Sal Nealon and Reverend Richard Mueller, to bury his son, a young Marine killed in the Iraq War. 
500 |a Special features: Deleted scenes; An unexpected journey: making Last Flag Flying; Veterans Day featurette; Outtakes. 
650 0 |a Veterans  |v Drama. 
650 0 |a Sons  |x Death  |v Drama. 
650 0 |a War casualties  |v Drama. 
650 0 |a Retired military personnel  |v Drama. 
655 7 |a Comedy films.  |2 lcgft 
655 7 |a War films.  |2 lcgft 
655 7 |a Feature films.  |2 lcgft 
655 7 |a Fiction films.  |2 lcgft 
655 7 |a Video recordings for the hearing impaired.  |2 lcgft 
700 1 |a Linklater, Richard,  |d 1960-  |e film director,  |e screenwriter,  |e film producer. 
700 1 |a Ponicsan, Darryl,  |e screenwriter. 
700 1 |a Sledge, Ginger,  |e film producer. 
700 1 |a Sloss, John,  |d approximately 1956-  |e film producer. 
700 1 |a Carell, Steve,  |d 1962-  |e actor. 
700 1 |a Cranston, Bryan,  |d 1956-  |e actor. 
700 1 |a Fishburne, Laurence,  |c III,  |d 1961-  |e actor. 
700 1 |a Vazquez, Yul,  |e actor. 
700 1 |a Johnson, J. Quinton,  |e actor. 
700 1 |a Reed-Foster, Deanna,  |e actor. 
700 1 |a Tyson, Cicely,  |e actor. 
700 1 2 |i Motion picture adaptation of (work):  |a Ponicsan, Darryl.  |t Last flag flying. 
710 2 |a Detour Filmproduction,  |e production company. 
710 2 |a Zenzero Pictures,  |e production company. 
710 2 |a Cinetic Media (Firm),  |e production company. 
710 2 |a Amazon Studios,  |e presenter. 
710 2 |a Lions Gate Entertainment (Firm),  |e publisher. 
994 |a C0  |b TXA 
948 |a cataloged  |b h  |c 2018/01/31  |d c  |e blrosas  |f 3:08:05 pm 
999 f f |s 204f9fcb-1e6c-3d8b-b562-34667b713162  |i 22fdcfb2-c292-3165-8bcc-7cb510af855b  |t 0 
952 f f |p dvd  |a Texas A&M University  |b College Station  |c Sterling C. Evans Library  |d Evans: Media and Reserves (Annex 1st floor)  |t 0  |e PN1997.2 .L3715 2018  |h Library of Congress classification  |i video -- videodisc  |m A14850424699 
998 f f |a PN1997.2 .L3715 2018  |t 0  |l Evans: Media and Reserves (Annex 1st floor)